Seleccion española de fútbol en el Mundial de 2010 - Estadísticas

Estadísticas generales
  • Esta prueba ha sido intentada 8.140 veces
  • La puntuación promedio es 17 de 24
Estadísticas de respuestas
Dorsal Jugador % Correcto
6 Andrés Iniesta
99%
1 Iker Casillas
99%
8 Xavi Hernández
96%
15 Sergio Ramos
95%
7 David Villa
94%
3 Gerard Piqué
94%
5 Carles Puyol
93%
9 Fernando Torres
89%
14 Xabi Alonso
82%
DT Vicente del Bosque
80%
16 Sergio Busquets
78%
23 Pepe Reina
77%
11 Joan Capdevila
75%
10 Cesc Fábregas
73%
12 Victor Valdés
73%
22 Jesús Navas
69%
18 Pedro Rodriguez
68%
21 David Silva
61%
17 Álvaro Arbeloa
49%
2 Raul Albiol
48%
19 Fernando Llorente
46%
13 Juan Mata
42%
4 Carlos Marchena
38%
20 Javi Martínez
27%
No se encontraron pruebas coincidentes
Distribución de puntuación
Porcentaje de gente con cada puntuación
Porcentaje por número respondido
Historial de tus puntuaciones
No has intentado esta prueba.